[Event "45th Olympiad 2024"]
[Site "Budapest HUN"]
[Date "2024.09.15"]
[Round "5.73"]
[Board "2"]
[White "Al Ibrahim, Abdulrahman"]
[Black "Schwarz, Bernhard"]
[Result "1-0"]
[WhiteElo "1932"]
[BlackElo "1875"]
[PlyCount "56"]
[EventDate "2024.09.11"]
[WhiteTeam "Kuwait"]
[BlackTeam "Namibia"]
[WhiteTeamCountry "KUW"]
[BlackTeamCountry "NAM"]

1. e4 e6 2. d4 d5 3. Nd2 Nc6 4. Ngf3 Nf6 5. e5 Nd7 6. Be2 f6 7. exf6 Qxf6 8. Nf1 Bd6 9. Ne3 b6 10. O-O Bb7 11. c4 ({RR} 11. c3 h6 12. b4 O-O 13. Bd3 Qf7 14. Ng4 e5 15. b5 e4 16. bxc6 Bxc6 17. Bc2 exf3 18. Qd3 Nf6 19. gxf3 Qh5 20. Ne5 Bxe5 21. dxe5 Qxe5 22. Bxh6 Qh5 23. Bf4 Ne4 24. Qe3 Nc5 25. Bg3 Rae8 {0-1 Jansa,V (2495)-Vaganian,R (2590) Chigorin Memorial-14 1980 (11)}) ({RR} 11. c3 h6 12. b4 a5 13. b5 Ne7 14. Bd3 O-O-O 15. Ng4 Qf7 16. Re1 Nf6 17. Nge5 Qg8 18. Qc2 g5 19. c4 dxc4 20. Bxc4 Ned5 21. Nc6 Re8 22. Nfe5 Rh7 23. Bd2 Nb4 24. Qb3 Nfd5 25. a3 Nxc6 {0-1 Amanov,Z (2283)-Dowgird,F (2348) Titled Tue 26th Mar Early 2024 (6)}) 11... Ne7 12. Ng4 Qf5 13. h3 $146 ({RR} 13. Ng5 h5 14. Ne5 Nxe5 15. dxe5 Qxe5 16. f4 Qf6 17. Bxh5+ g6 18. Bg4 Bc5+ 19. Kh1 Nf5 20. Bxf5 gxf5 21. Nxe6 Rxh2+ {0-1 Ponizil,C (2199)-Stupak,K (2346) EU-ch U16 Herceg Novi 2006 (4)}) ({RR} 13. Ng5 h5 14. Ne5 Nxe5 15. dxe5 Qxe5 16. Bxh5+ g6 17. f4 Bc5+ 18. Kh1 Qf6 19. Bg4 Nf5 20. Bxf5 Qxf5 21. b4 Be7 22. Qa4+ c6 23. Bb2 Rh4 24. cxd5 exd5 25. Rae1 Rxf4 26. Rxf4 Qxf4 27. Nf3 a5 {1-0 Van der Wiel,J (2428)-Van der Lende,I (2198) Haarlem Nova College op-A 12th 2013 (5)}) 13... dxc4 14. Ne3 Qf7 15. Qa4 O-O-O 16. Qxa7 Nc6 17. Qa4 Nxd4 18. Nxd4 Qf4 19. Nf3 Bxf3 20. Ng4 Nc5 21. Qb5 Qf5 22. Bxf3 h5 23. Nh2 g5 24. Bc6 g4 25. Be3 Rdg8 26. Bxc5 Bxh2+ 27. Kxh2 bxc5 28. Rad1 Qe5+ 1-0

[Event "45th Olympiad 2024"]
[Site "Budapest HUN"]
[Date "2024.09.15"]
[Round "5.73"]
[Board "3"]
[White "Khoa, Goodwill"]
[Black "Hussain, Hashem"]
[Result "1-0"]
[WhiteElo "1890"]
[BlackElo "1807"]
[PlyCount "99"]
[EventDate "2024.09.11"]
[WhiteTeam "Namibia"]
[BlackTeam "Kuwait"]
[WhiteTeamCountry "NAM"]
[BlackTeamCountry "KUW"]

1. c4 e5 2. Nc3 Nc6 3. g3 Bb4 4. Bg2 d6 5. Nf3 ({RR} 5. Nd5 Bc5 6. e3 Nge7 7. Ne2 Nxd5 8. cxd5 Ne7 9. O-O O-O 10. d4 Bb6 11. dxe5 dxe5 12. Nc3 Nf5 13. a4 a5 14. b3 Nd6 15. Bb2 Bf5 16. h3 Qd7 17. Kh2 e4 18. Rc1 Rad8 19. Qd2 Rfe8 {1-0 Spraggett,K (2584)-Pelts,R (2397) Canadian op Toronto 1983 (6)}) ({RR} 5. d3 Nge7 6. Nf3 O-O 7. a3 Bxc3+ 8. bxc3 h6 9. O-O Be6 10. Rb1 Rb8 11. Ne1 Qd7 12. Nc2 Bh3 13. e4 Bxg2 14. Kxg2 f5 15. f3 fxe4 16. fxe4 Rxf1 17. Qxf1 Rf8 18. Qe2 b6 19. Ne3 Nd8 {½-½ Aponte Castillo,E (2023)-Lopez Giraldo,M (1724) 10th Velez Int Open 2023 (2.9)}) 5... Nge7 6. Nd5 Bc5 7. Qa4 $146 ({RR} 7. O-O O-O 8. e3 a6 9. d4 Ba7 10. h3 Nf5 11. dxe5 dxe5 12. b3 Bc5 13. Bb2 f6 14. Nxc7 Qxc7 15. Qd5+ Rf7 16. Qxc5 b6 17. Qa3 Bb7 18. Rfd1 Rd8 19. g4 Nfe7 20. b4 h5 21. Qb3 hxg4 {0-1 Sanchez Saez,F (2233)-Pikula,D (2437) Bad Ragaz op 11th 2016 (5)}) 7... Bd7 8. Qb3 O-O 9. d3 a5 10. O-O a4 11. Qc2 Nxd5 12. cxd5 Nb4 13. Qd1 Qe8 14. Ng5 f5 15. a3 Na6 16. Ne6 Rf6 17. Bg5 Rg6 18. h4 Bxe6 19. dxe6 h6 20. Be3 Bxe3 21. fxe3 Rxg3 22. Kf2 Rg4 23. Bxb7 Qh5 24. Ke1 Qxh4+ 25. Kd2 Ra7 26. Bd5 Qe7 27. Rxf5 c6 28. Ba2 Ra8 29. Rf7 Qg5 30. Ra7 Rb8 31. Rxa6 Rg3 32. e7+ Kh7 33. Rxa4 Qxe3+ 34. Kc2 Rg2 35. Re4 Qc5+ 36. Bc4 d5 37. b4 Qxe7 38. Qf1 Rg5 39. Rh4 dxc4 40. Rxc4 Rf8 41. Qh1 Rf6 42. Rxc6 Rf4 43. Rf1 Qf7 44. Rxf4 exf4 45. Qe4+ Rf5 46. Rc5 Qa2+ 47. Kd1 Qb1+ 48. Kd2 Qb2+ 49. Ke1 g6 50. Rc7+ 1-0

[Event "45th Olympiad 2024"]
[Site "Budapest HUN"]
[Date "2024.09.15"]
[Round "5.73"]
[Board "4"]
[White "Alabdaljader, Mohammed"]
[Black "Nitzborn, Max Baron"]
[Result "1-0"]
[WhiteElo "1677"]
[BlackElo "1800"]
[PlyCount "101"]
[EventDate "2024.09.11"]
[WhiteTeam "Kuwait"]
[BlackTeam "Namibia"]
[WhiteTeamCountry "KUW"]
[BlackTeamCountry "NAM"]

1. e4 c5 2. b3 Nc6 3. Bb2 d6 4. Bb5 Bd7 5. Nc3 Nf6 6. f4 ({RR} 6. Nge2 a6 7. Bxc6 Bxc6 8. d4 e5 9. d5 Bd7 10. Qd3 Be7 11. Nd1 b5 12. c4 O-O 13. O-O Rb8 14. Bc3 Re8 15. Ne3 Ng4 16. Nxg4 Bxg4 17. Ng3 Bg5 18. cxb5 Bd7 19. Rfb1 axb5 20. b4 c4 {1-0 Badmatsyrenov,O (2397)-Ko Ko Ohn (2116) 4th Big Rook Open 2024 (2.4)}) 6... Nd4 7. Bxd7+ Qxd7 8. Nf3 Ne6 $146 ({RR} 8... e6 9. O-O Nxf3+ 10. Qxf3 Be7 11. e5 dxe5 12. fxe5 Qd4+ 13. Kh1 Qxe5 14. Qxb7 Rb8 15. Qc6+ Kf8 16. Rae1 Qd6 17. Qxd6 Bxd6 18. Ne4 Nxe4 19. Rxe4 Re8 20. Ra4 Re7 21. Ra6 Rd7 22. Rc6 Rd8 23. Bc3 {1-0 Vilimek,V (1794)-Mametev,A (1848) CZE-ch U16 Luhacovice 2022 (5)}) 9. g3 g6 10. d3 Bg7 11. Qd2 Nc7 12. O-O-O O-O-O 13. Kb1 Ng4 14. h3 Nh6 15. Rhe1 e5 16. fxe5 dxe5 17. Na4 Qe7 18. Qa5 b5 19. Nc3 Rd6 20. Nd5 Nxd5 21. exd5 f6 22. Qxb5 Rb6 23. Qa5 Kb7 24. d4 Rc8 25. Ba3 Ra6 26. Qb5+ Rb6 27. Qe2 Ra6 28. Bxc5 Rxc5 29. dxc5 Qxc5 30. Rd2 Nf5 31. Qc4 Qa5 32. b4 Qa4 33. Qb3 Qxb3+ 34. cxb3 Nd6 35. Rc2 Bh6 36. a4 Rb6 37. b5 a6 38. bxa6+ Rxa6 39. Rc5 Rb6 40. Ka2 Nf5 41. g4 Bf8 42. Rc6 Nd6 43. Rec1 Rb4 44. Rc7+ Kb8 45. Rxh7 e4 46. Rh8 exf3 47. Rxf8+ Kb7 48. Rxf6 Ne4 49. Rxf3 Nd2 50. Re3 Rd4 51. Rd1 1-0

[Event "45th Olympiad 2024"]
[Site "Budapest HUN"]
[Date "2024.09.15"]
[Round "5.74"]
[Board "1"]
[White "Kumar, Manoj"]
[Black "Giasi, Viresh"]
[Result "0-1"]
[WhiteElo "1951"]
[BlackElo "1998"]
[PlyCount "98"]
[EventDate "2024.09.11"]
[WhiteTeam "Fiji"]
[BlackTeam "Suriname"]
[WhiteTeamCountry "FIJ"]
[BlackTeamCountry "SUR"]

1. d4 Nf6 2. c4 e6 3. g3 Bb4+ 4. Bd2 Bxd2+ 5. Qxd2 Qe7 6. Bg2 d6 7. Nc3 O-O ({RR} 7... c6 8. d5 cxd5 9. cxd5 e5 10. Nf3 Bg4 11. O-O Nbd7 12. Nb5 O-O 13. Rac1 Bxf3 14. Bxf3 Rfc8 15. Qa5 a6 16. Nc3 e4 17. Bg2 b6 18. Qb4 a5 19. Qd4 Nc5 20. b4 axb4 21. Qxb4 Ra6 22. Nxe4 {1-0 Royal,S (2121)-Arkell,K (2381) Checkmate Covid Rematch blitz 2021}) 8. e4 e5 9. Nge2 Be6 $146 ({RR} 9... Nbd7 10. O-O a5 11. h3 c6 12. Rad1 exd4 13. Nxd4 Nc5 14. Rfe1 h6 15. b3 Qc7 16. f4 Re8 17. Kh2 Re7 18. Nc2 Ne8 19. Ne3 Be6 20. Qd4 b6 21. f5 Bc8 22. f6 Nxf6 23. Qxd6 Qxd6 24. Rxd6 {0-1 Koller,H (2133)-Gasa,A (2259) Niederoesterreich Landesliga 1718 2017 (3.2)}) 10. Nd5 Bxd5 11. exd5 Nbd7 12. O-O Nb6 13. b3 Nh5 14. dxe5 Qxe5 15. Rfe1 Nf6 16. Nd4 Qh5 17. Nb5 Rfc8 18. Qd4 Nfd7 19. Qf4 a6 20. Nd4 Ne5 21. Rad1 Re8 22. Qf5 Qxf5 23. Nxf5 g6 24. Ne3 Ned7 25. h4 h5 26. Nc2 Nc5 27. Kf1 Kf8 28. Nb4 a5 29. Nd3 Nxd3 30. Rxd3 Rxe1+ 31. Kxe1 a4 32. Ke2 axb3 33. axb3 Nd7 34. Rd2 Ra3 35. Rb2 Nc5 36. b4 Na4 37. Rc2 Rb3 38. b5 Ke7 39. Kd2 Kf6 40. Ra2 Rb2+ 41. Rxb2 Nxb2 42. Bf1 Ke5 43. Kc2 Na4 44. Bh3 f5 45. Kd3 Nb2+ 46. Kc3 Nd1+ 47. Kb4 Nxf2 48. Bg2 b6 49. Kc3 Ne4+ 0-1

[Event "45th Olympiad 2024"]
[Site "Budapest HUN"]
[Date "2024.09.15"]
[Round "5.74"]
[Board "2"]
[White "Kalidjo, Imaan"]
[Black "Prasad, Rudr"]
[Result "1-0"]
[WhiteElo "1934"]
[BlackElo "1777"]
[PlyCount "69"]
[EventDate "2024.09.11"]
[WhiteTeam "Suriname"]
[BlackTeam "Fiji"]
[WhiteTeamCountry "SUR"]
[BlackTeamCountry "FIJ"]

1. d4 d5 2. e3 Nf6 3. Bd3 c5 4. c3 e6 5. f4 Bd7 6. Nf3 Qb6 7. a4 Nc6 8. Nbd2 Bd6 9. Ne5 cxd4 $146 ({RR} 9... c4 10. Bc2 Bxe5 11. fxe5 Ng8 12. Qf3 f5 13. exf6 Nxf6 14. e4 O-O-O 15. e5 Ne8 16. Qg3 g6 17. Nf3 Ng7 18. O-O Nf5 19. Qh3 Rdf8 20. Rb1 Qc7 21. Bg5 h6 22. Bf6 Rhg8 23. Bxf5 gxf5 24. Qxh6 {1-0 Sierra Mejia,J (1877)-Cuartas,A Medellin Easter op 2010 (7)}) 10. exd4 h5 11. Qe2 g6 12. Ndf3 Rf8 13. Ng5 Bxe5 14. fxe5 Ne4 15. Bxe4 dxe4 16. Nxe4 O-O-O 17. Bg5 Kb8 18. Bxd8 Qxd8 19. O-O Ne7 20. Nd6 Nf5 21. Nxf5 exf5 22. d5 Re8 23. Rfe1 Qc7 24. Qe3 Qc4 25. Ra3 Qxd5 26. Qd4 Qe6 27. c4 f6 28. Rae3 Bc6 29. exf6 Be4 30. b4 Rf8 31. Rxe4 fxe4 32. Rxe4 Qxf6 33. Re8+ Kc7 34. Qc5+ Kd7 35. Rxf8 1-0

[Event "45th Olympiad 2024"]
[Site "Budapest HUN"]
[Date "2024.09.15"]
[Round "5.74"]
[Board "3"]
[White "Terubea, Ronald"]
[Black "Chashawa, Shaief"]
[Result "1/2-1/2"]
[WhiteElo "1836"]
[BlackElo "1825"]
[PlyCount "69"]
[EventDate "2024.09.11"]
[WhiteTeam "Fiji"]
[BlackTeam "Suriname"]
[WhiteTeamCountry "FIJ"]
[BlackTeamCountry "SUR"]

1. e4 e5 2. Nf3 Nf6 3. Nc3 Nc6 4. d4 exd4 5. Nxd4 Bc5 6. Be3 Nxd4 7. Bxd4 Qe7 8. Bxc5 ({RR} 8. Be2 d6 9. Bxc5 dxc5 10. Qd3 Bd7 11. O-O-O O-O-O 12. Qe3 Bc6 13. Rxd8+ Rxd8 14. Rd1 Rxd1+ 15. Bxd1 Nxe4 16. Nxe4 Qxe4 17. Qxe4 Bxe4 18. g3 Bd5 19. a3 b5 20. c3 Kb7 21. Kd2 Kb6 22. Ke3 Ka5 {0-1 Juhasz,A (2373)-Lalith,B (2563) Budapest FS02 GM 2022 (3)}) 8... Qxc5 9. Be2 ({RR} 9. Bd3 d6 10. h3 Bd7 11. Qd2 O-O-O 12. O-O-O Qa5 13. Qe2 Rhe8 14. Rhe1 Be6 15. Kb1 Kb8 16. Bc4 h6 17. Bxe6 fxe6 18. Rd3 Nd7 19. Red1 Rf8 20. f3 Nc5 21. Rd4 Nd7 22. e5 Qxe5 23. Qxe5 Nxe5 {0-1 Gordiano,G-Benayon,E (1750) II Manaus Open 2023 (8.26)}) 9... d6 10. Qd3 $146 ({RR} 10. O-O Bd7 11. Qd3 O-O 12. Rad1 Bc6 13. Qd4 Qxd4 14. Rxd4 Rfe8 15. f3 a6 16. Bc4 Re5 {½-½ Majer,J-Jurasek,M (2350) Moravia-ch op 1994}) 10... Bd7 11. a3 O-O-O 12. b4 Qe5 13. O-O g5 14. Rfe1 h5 15. Qg3 Qe7 16. Nd5 Nxd5 17. exd5 Rde8 18. Qc3 Qe5 19. Qxe5 Rxe5 20. Bc4 Rhe8 21. Kf1 Bf5 22. Bb3 Be4 23. f3 Bf5 24. Rxe5 Rxe5 25. Re1 b5 26. Rxe5 dxe5 27. Ke2 f6 28. a4 a6 29. c4 c6 30. axb5 axb5 31. c5 cxd5 32. Bxd5 Kd7 33. Ke3 Bg6 34. Bb7 Kc7 35. Bd5 1/2-1/2

[Event "45th Olympiad 2024"]
[Site "Budapest HUN"]
[Date "2024.09.15"]
[Round "5.74"]
[Board "4"]
[White "Kalka, Shiva"]
[Black "Prakash, Prashil"]
[Result "1-0"]
[WhiteElo "1849"]
[BlackElo "1745"]
[PlyCount "73"]
[EventDate "2024.09.11"]
[WhiteTeam "Suriname"]
[BlackTeam "Fiji"]
[WhiteTeamCountry "SUR"]
[BlackTeamCountry "FIJ"]

1. e4 e5 2. Nf3 Nc6 3. d4 exd4 4. Bc4 Bc5 5. c3 Nf6 6. e5 d5 7. Bb5 Ne4 8. cxd4 Bb6 9. Qc2 Bd7 10. Bxc6 Bxc6 ({RR} 10... bxc6 11. Be3 O-O 12. O-O f6 13. exf6 Qxf6 14. Ne5 Qe6 15. Nd2 Nxd2 16. Qxd2 Bc8 17. Qc3 Bb7 18. Rac1 Rf6 19. Bg5 Rf5 20. Be3 Rf6 21. Rc2 Re8 22. Re1 Qc8 23. Qd2 Qa8 24. b4 h6 25. h3 {½-½ Astengo,C (2072)-Neuhoff,L (1846) Arco op 43rd 2021 (5)}) 11. O-O O-O 12. a4 $146 ({RR} 12. Be3 Bd7 13. a4 c6 14. b4 a5 15. Qb2 Qe7 16. bxa5 Bxa5 17. Rc1 Qb4 18. Qxb4 Bxb4 19. Bd2 Nxd2 20. Nbxd2 Bf5 21. Nb3 Ra7 22. Nc5 Bxc5 23. dxc5 Rfa8 24. Nd4 Bg6 25. f4 Rxa4 26. Rxa4 Rxa4 {0-1 Bastian,A-Liss,E (2330) EU-chT (Men) 09th 1989 (5.4)}) ({RR} 12. Nc3 f6 13. Be3 Ba5 14. exf6 gxf6 15. Ne2 Bb5 16. Rfd1 Bxe2 17. Qxe2 c6 18. Nh4 Bc7 19. Bh6 Rf7 20. Nf5 Kh8 21. Bc1 Qd7 22. Qh5 Nd6 23. Ng3 Re7 24. Bf4 Rae8 25. h3 Qd8 {½-½ Borchert,L (1829)-Hartmann,J (1934) GER-ch U25 op-A 2015 (9)}) ({RR} 12. Nc3 f6 13. Bf4 g5 14. Bc1 g4 15. Nd2 Bxd4 16. Ndxe4 dxe4 17. exf6 Qxf6 18. Be3 Rae8 19. Qe2 Kh8 20. Qxg4 Rg8 21. Qh5 Qg7 22. g3 Be5 23. Rad1 Re6 24. Rd2 Be8 25. Qf5 Re7 26. Bc5 Bd7 {1-0 Abolina,L-Trofimova,O Wch U18 Girls 1994 (7)}) 12... a6 13. b3 Bd7 14. Ba3 Re8 15. Nbd2 Bf5 16. Qb2 c6 17. Kh1 Re6 18. Rad1 Rh6 19. Nxe4 Bxe4 20. Qe2 Qd7 21. Ng1 Qf5 22. Rd2 Qf4 23. h3 Re8 24. f3 Bf5 25. g4 Bc8 26. Qh2 Qe3 27. Qf2 Qxb3 28. Bd6 Qxa4 29. Kg2 f6 30. f4 Qb3 31. Nf3 fxe5 32. fxe5 Rxd6 33. Ng5 Rdd8 34. Qf7+ Kh8 35. Rdf2 Qa3 36. Qh5 Qd3 37. Qxe8+ 1-0

[Event "45th Olympiad 2024"]
[Site "Budapest HUN"]
[Date "2024.09.15"]
[Round "5.75"]
[Board "1"]
[White "Ebosse Kingue Victor Patrick"]
[Black "Tchouka, Yakini"]
[Result "0-1"]
[WhiteElo "2014"]
[BlackElo "1932"]
[PlyCount "106"]
[EventDate "2024.09.11"]
[WhiteTeam "Cameroon"]
[BlackTeam "Togo"]
[WhiteTeamCountry "CAM"]
[BlackTeamCountry "TOG"]

1. e4 c5 2. Nf3 d6 3. d4 cxd4 4. Nxd4 Nf6 5. Nc3 g6 6. Be3 Bg7 7. f3 Nc6 8. Bc4 Bd7 9. Qd2 O-O 10. h4 h5 11. O-O-O Rc8 12. Bb3 Ne5 13. g4 hxg4 14. h5 Nxh5 15. Bh6 e6 16. Bxg7 Kxg7 17. fxg4 Nxg4 18. Rdg1 Ngf6 19. Nf3 $146 ({RR} 19. Qg5 Qb6 20. Nxe6+ Bxe6 21. Bxe6 Rc5 22. Bd5 Rfc8 23. Rf1 Rxd5 24. exd5 Qd4 25. Rxf6 Qxf6 26. Rxh5 Qxg5+ 27. Rxg5 a6 28. Ne4 f5 29. Nxd6 Rd8 30. Nxb7 Rxd5 31. c4 Rd7 32. Na5 Kf6 33. Rg2 f4 {1-0 Strobel,W-Rohr,D Bayern Kongress-47 Meisterturnier 2 1976 (1)}) ({RR} 19. Qg5 Rc5 20. Qg2 Qa5 21. Bxe6 Rxc3 22. Nf5+ Kh7 23. Qg5 Bxe6 24. Qh6+ Kg8 25. Rxg6+ fxg6 26. Qxg6+ Kh8 27. Qg7# {1-0 Alonso Orta,O (2044)-Smieszek,W (2110) Titled Tue 21st May Late 2024 (4)}) ({RR} 19. Qe2 Rh8 20. Qf3 Qa5 21. Kb1 Qe5 22. Qe3 Qf4 23. Qd3 Ng3 24. Rxh8 Rxh8 25. Re1 Ngxe4 26. a4 Nd2+ {0-1 Farrand,T-Bloch,N (2260) Lloyds Bank Open-02 1978}) ({RR} 19. Nde2 Qe7 20. Nd1 Rh8 21. Nf2 Bb5 22. Nd4 Bc4 23. Bxc4 Rxc4 24. Qd3 Rhc8 25. c3 a6 26. Kb1 Kf8 27. Qf3 Ke8 28. Re1 e5 29. Nc2 b5 30. Ne3 R4c6 31. Nd5 Nxd5 32. exd5 Rc4 33. Ne4 Rb8 {1-0 Rigo,J (2320)-Trabattoni,F (2305) Reggio Emilia-24 1881/82 1981 (6)}) 19... Qc7 20. Qg5 Rh8 21. e5 dxe5 22. Nxe5 Rcg8 23. Rf1 Be8 24. Rh4 Qe7 25. Rd4 Nd5 26. Qd2 Nxc3 27. Qxc3 Qg5+ 28. Rd2 Kf8 29. Qc5+ Qe7 30. Qxa7 Ng3 31. Re1 Rh5 32. Qf2 Qh4 33. Rd4 Qh2 34. Qe3 Nf5 35. Ng4 Qh4 36. Qe5 Nxd4 37. Qd6+ Qe7 38. Qxd4 Rgh8 39. Nf6 Rh1 40. Rxh1 Rxh1+ 41. Kd2 e5 42. Qf2 Qb4+ 43. c3 Qf4+ 44. Qxf4 exf4 45. Bd5 Rh2+ 46. Kd3 Bc6 47. b4 g5 48. a4 Bxd5 49. Nxd5 f3 50. Ke3 f2 51. Ke2 g4 52. Ne3 g3 53. a5 Rh1 0-1

[Event "45th Olympiad 2024"]
[Site "Budapest HUN"]
[Date "2024.09.15"]
[Round "5.75"]
[Board "2"]
[White "Egbe, Kossi Thierry"]
[Black "Zebaze Dongmo Loic Dylane"]
[Result "1/2-1/2"]
[WhiteElo "1847"]
[BlackElo "1914"]
[PlyCount "118"]
[EventDate "2024.09.11"]
[WhiteTeam "Togo"]
[BlackTeam "Cameroon"]
[WhiteTeamCountry "TOG"]
[BlackTeamCountry "CAM"]

1. e4 e6 2. d4 d5 3. exd5 exd5 4. Bd3 c5 5. Nf3 c4 6. Be2 Bd6 7. Nc3 ({RR} 7. b3 cxb3 8. axb3 Ne7 9. O-O Nbc6 10. Na3 O-O 11. c3 a6 12. Nc2 Rb8 13. Ne3 b5 14. Bd3 h6 15. Bc2 a5 16. Qd3 f5 17. Re1 f4 18. Qh7+ Kf7 19. Ng5+ hxg5 20. Qh5+ g6 21. Qh7+ Ke8 {1-0 Alekseev,E (2645)-Gleizerov,E (2498) Eurasia Cup op 2019 (6)}) ({RR} 7. O-O Nf6 8. b3 cxb3 9. axb3 O-O 10. Bg5 h6 11. Bxf6 Qxf6 12. Nc3 Be6 13. Nb5 Bg4 14. Ne5 Bxe2 15. Qxe2 Re8 16. Nxd6 Qxd6 17. Qb5 Nc6 18. Nxc6 bxc6 19. Qd3 Re7 20. Rfe1 Rae8 21. Rxe7 Rxe7 {1-0 Kosakowski,J (2486)-Piorun,K (2597) chess.com Speed Poland 2024 (2.18)}) 7... Nf6 8. Bg5 Be6 9. O-O $146 ({RR} 9. Nb5 Qa5+ 10. Nc3 Ne4 11. Bd2 Nxd2 12. Qxd2 Nc6 13. a3 O-O 14. O-O h6 15. Rfe1 Rfe8 16. b4 Qd8 17. Na2 b5 18. Bf1 Qf6 19. h3 Bf4 20. Qd1 Bf5 21. Rxe8+ Rxe8 22. Nc3 Be4 23. Nxb5 Bb8 {1-0 Prass,M-Hellmann,T Dortmund op-B 1998}) 9... O-O 10. Nb5 Be7 11. b3 a6 12. Nc3 Qa5 13. Bd2 Bb4 14. Qe1 Nc6 15. a3 Bxc3 16. Bxc3 Qc7 17. bxc4 dxc4 18. Bb2 Rfe8 19. Qd1 Rad8 20. c3 Na5 21. Nd2 Bd5 22. Bf3 Ne4 23. Bxe4 Bxe4 24. Re1 Bd3 25. Qa4 b5 26. Qb4 Qf4 27. Nf3 Nb3 28. Rxe8+ Rxe8 29. Re1 Rxe1+ 30. Nxe1 Qe4 31. Nf3 Qe2 32. h3 Qxb2 33. Qe7 Qc1+ 34. Kh2 Qf4+ 35. Kg1 h6 36. d5 Bf5 37. Ne5 f6 38. Nd7 Bxd7 39. Qxd7 Nd2 40. Qe6+ Kh7 41. d6 Ne4 42. d7 Qxf2+ 43. Kh2 Qf4+ 44. Kg1 Nc5 45. Qc6 Qe3+ 46. Kh1 Nxd7 47. Qxd7 Qxc3 48. Qf5+ Kg8 49. Qe6+ Kf8 50. Qd6+ Kf7 51. Qd7+ Kg8 52. Qc8+ Kf7 53. Qd7+ Kg6 54. Qg4+ Kh7 55. Qf5+ Kg8 56. Qc8+ Kh7 57. Qf5+ g6 58. Qd7+ Kg8 59. Qe8+ Kg7 1/2-1/2

[Event "45th Olympiad 2024"]
[Site "Budapest HUN"]
[Date "2024.09.15"]
[Round "5.75"]
[Board "3"]
[White "Amba Oyon Marius Claude"]
[Black "Amewounou, Komlan Kouessan"]
[Result "1-0"]
[WhiteElo "1975"]
[BlackElo "1825"]
[PlyCount "113"]
[EventDate "2024.09.11"]
[WhiteTeam "Cameroon"]
[BlackTeam "Togo"]
[WhiteTeamCountry "CAM"]
[BlackTeamCountry "TOG"]

1. e4 d6 2. Nf3 Nf6 3. d3 g6 4. Be2 Bg7 5. O-O Nbd7 ({RR} 5... O-O 6. Re1 Nc6 7. h3 e5 8. Bf1 h6 9. Nbd2 Be6 10. c3 Ne7 11. d4 Nh7 12. Qc2 c6 13. b3 Qc7 14. Ba3 Rfe8 15. Rad1 Rad8 16. dxe5 dxe5 17. Bc4 Nc8 18. Bxe6 Rxe6 19. Nc4 b5 20. Rxd8+ {½-½ Stocko,J (2341)-Mrkonjic,N (2373) Osijek op 2015 (6)}) ({RR} 5... O-O 6. Re1 Nbd7 7. Nc3 b6 8. h3 Bb7 9. Bf4 c5 10. Bf1 a6 11. Bh2 b5 12. e5 Bxf3 13. Qxf3 Nxe5 14. Bxe5 dxe5 15. Rxe5 e6 16. Ree1 b4 17. Nd1 Nd5 18. a3 a5 19. axb4 cxb4 20. Qe4 {0-1 Nagy,J (1974)-Manolache,M (2388) Cluj GP Rapid 2024 (3.24)}) 6. Nc3 c5 $146 ({RR} 6... O-O 7. h3 e5 8. Nh2 c6 9. Kh1 b5 10. a3 Bb7 11. b4 d5 12. exd5 Nxd5 13. Nxd5 cxd5 14. Bb2 Nb6 15. d4 Na4 16. Rb1 Nxb2 17. Rxb2 a6 18. dxe5 Bxe5 19. Rb3 Bc7 20. Qd4 Qd6 21. Ng4 {0-1 Szysz,M (1779)-Lizak,J (1660) POL-chT U19 2nd League 2010 (10)}) 7. h3 O-O 8. Be3 h6 9. Nh2 a6 10. f4 b5 11. Bf3 Rb8 12. Ne2 Bb7 13. Qd2 Kh7 14. g4 Ng8 15. Rab1 Nb6 16. Ng3 c4 17. f5 Qc7 18. Qf2 Na4 19. g5 Bxb2 20. Rxb2 Nxb2 21. Bd4 Na4 22. Bg4 e5 23. Be3 Nc5 24. Be2 Nd7 25. Ng4 d5 26. gxh6 Ngf6 27. Bg5 Nxg4 28. hxg4 Qb6 29. Qxb6 Nxb6 30. Be7 f6 31. fxg6+ Kxg6 32. g5 Kxg5 33. h7 Rf7 34. Rf5+ Kh6 35. Rh5+ Kg7 36. Bd6 Kh8 37. Bxb8 Rxh7 38. Rxh7+ Kxh7 39. Bc7 Na4 40. exd5 Bxd5 41. a3 Nc5 42. Bd6 cxd3 43. cxd3 Ne6 44. Ne4 Kg6 45. Bh5+ Kg7 46. Nc5 Nxc5 47. Bxc5 a5 48. Be8 b4 49. axb4 axb4 50. Bxb4 f5 51. Kf2 Kf6 52. Bd7 Be6 53. Bc6 Bb3 54. Bc3 Ke6 55. Bb7 e4 56. d4 f4 57. Bxe4 1-0

[Event "45th Olympiad 2024"]
[Site "Budapest HUN"]
[Date "2024.09.15"]
[Round "5.75"]
[Board "4"]
[White "Fumey, Enyonam Sewa"]
[Black "Makem Pierre"]
[Result "1/2-1/2"]
[WhiteElo "1845"]
[BlackElo "1860"]
[PlyCount "103"]
[EventDate "2024.09.11"]
[WhiteTeam "Togo"]
[BlackTeam "Cameroon"]
[WhiteTeamCountry "TOG"]
[BlackTeamCountry "CAM"]

1. e4 e6 2. Nf3 d5 3. exd5 exd5 4. d4 Bd6 5. Bd3 Ne7 6. Nc3 c6 7. Bg5 f6 ({RR} 7... Qc7 8. Qe2 O-O 9. O-O-O Ng6 10. Rhe1 f6 11. Bxg6 hxg6 12. Bh4 Bg4 13. Bg3 Na6 14. Bxd6 Qxd6 15. h3 Bd7 16. Qe7 Qf4+ 17. Qe3 Qc7 18. Nh4 Rae8 19. Qf3 Kh7 20. g3 Rxe1 {½-½ Barglowski,F (2318)-Bartel,M (2453) POL-chT U19 35th 2003 (7.1)}) 8. Bd2 b5 $146 ({RR} 8... Bf5 9. Qe2 Bxd3 10. Qxd3 Nd7 11. O-O-O Qc7 12. Rde1 O-O-O 13. Re6 Nf8 14. Re2 Nfg6 15. g3 Qd7 16. h4 Rhe8 17. Rhe1 Qg4 18. Nh2 Qh3 19. f4 Kd7 20. Nf1 Qf5 21. Qxf5+ Nxf5 22. Rxe8 Rxe8 23. Rxe8 {0-1 Goetz,K-Serdjuk,I GER-chT U20 Girls 1996}) ({RR} 8... Bg4 9. h3 Bh5 10. Qe2 Qc7 11. O-O Nd7 12. a3 O-O-O 13. b4 Rde8 14. Qd1 g5 15. g4 Bg6 16. b5 c5 17. Re1 c4 18. Bxg6 hxg6 19. Kg2 Ref8 20. a4 Qd8 21. Qe2 Kb8 22. Qe6 Nb6 23. a5 {0-1 Ampaire,S (1839)-Guo Qi (2362) BRICS Games Rapid Team 2024 (7.7)}) ({RR} 8... Bf5 9. Qe2 Bxd3 10. Qxd3 O-O 11. Nh4 Qd7 12. O-O-O b5 13. f4 a5 14. Qf3 a4 15. f5 Na6 16. g4 Nc7 17. Ng2 b4 18. Ne2 b3 19. cxb3 axb3 20. axb3 Nb5 21. Ngf4 Ra2 22. Bc3 Qa7 23. Qe3 {1-0 Yanjindulan,D (2154)-Shmirina,E (2048) Wch U14 Girls 2002 (3)}) ({RR} 8... O-O 9. O-O Bf5 10. Qe2 Bxd3 11. Qxd3 Qd7 12. Rfe1 Na6 13. Qe2 Nc7 14. Be3 Rae8 15. Qd2 Ng6 16. Ne2 Re7 17. Nf4 Nxf4 18. Bxf4 Rfe8 19. Rxe7 Rxe7 20. Re1 Rxe1+ 21. Nxe1 Ne6 22. Bxd6 Qxd6 {½-½ Wendt,U (1660)-Raitza,E (1617) Mecklenburg VP LL2 West 1314 2013 (5.8)}) 9. Ne2 Qc7 10. c3 Bg4 11. Ng3 Nd7 12. Qe2 Nf8 13. Nf5 Bxf5 14. Bxf5 Kf7 15. Bc2 Nfg6 16. g3 Rhe8 17. O-O h5 18. Rae1 Qd7 19. Kg2 h4 20. Kh1 Rh8 21. Rg1 c5 22. dxc5 Bxc5 23. gxh4 Nxh4 24. Nxh4 Rxh4 25. Rg2 Rah8 26. Reg1 g5 27. Rf1 Bd6 28. f4 Qc7 29. Be1 Rxf4 30. Bf2 Nf5 31. Bxf5 Rxf5 32. Re1 Re5 33. Qxb5 Rxe1+ 34. Bxe1 Bxh2 35. Qxd5+ Kg6 36. Qe4+ Kg7 37. Re2 Bg3+ 38. Kg1 Bxe1 39. Rxe1 Qg3+ 40. Kf1 Rf8 41. Qb7+ Rf7 42. Re7 Qf4+ 43. Kg2 Qd2+ 44. Kf3 Qd1+ 45. Kf2 Qc2+ 46. Kf3 Qd3+ 47. Kf2 Qf5+ 48. Kg2 Qc2+ 49. Kf3 Qd1+ 50. Kf2 Qd2+ 51. Kf3 Qd1+ 52. Kf2 1/2-1/2